000 00799nam a2200241Ia 4500
001 1105
003 GE_BSU
008 181216s||||||||xx |||||||||||||| ||und||
020 _a9785938788541
040 _cGE_BSU
080 _a612(075.8)
100 _aХавинсон,В.Х.,Коновалов,С.С.
245 _aИзбранные лекции по геронтологии
245 _bУч-к для студ. и системы послевузовского профессионального образования врачей
260 _aСПБ
260 _bПрайм-Еврознак
260 _c2009
300 _a896
541 _h100л.
653 _aГеронтология
653 _aИзбранные лекции по геронтологии
942 _cBK
999 _c35256
_d35256